000
00215 a2200097 4500
001
3956
100
_a
Kruglak,H
245
_a
Basic maths for the physical science
260
_a
_b
Mcgrawhill
_c
090
_c
3185
_d
3185
942
_a
NUST-CAE
_c
M
_c
24280
999
_c
239029
_d
239029